Loading...
Current Events | 3 | 23.33 | 100% | 100% | 33% |
Fine Arts - Classical Music | 7 | 20.00 | 100% | 100% | 0% |
Fine Arts - Other Fine Arts | 7 | 18.57 | 100% | 57% | 29% |
Geography | 2 | 25.00 | 100% | 100% | 50% |
History - American History | 4 | 22.50 | 100% | 100% | 25% |
History - European History | 6 | 20.00 | 100% | 50% | 50% |
History - Other History | 4 | 25.00 | 100% | 100% | 50% |
History - World History | 3 | 30.00 | 100% | 100% | 100% |
Literature - American Literature | 6 | 15.00 | 100% | 33% | 17% |
Literature - British Literature | 8 | 6.25 | 50% | 13% | 0% |
Literature - European Literature | 5 | 18.00 | 100% | 80% | 0% |
Literature - World Literature | 2 | 15.00 | 100% | 50% | 0% |
Mythology | 3 | 16.67 | 100% | 0% | 67% |
Painting/Sculpture | 7 | 14.29 | 100% | 29% | 14% |
Philosophy | 3 | 16.67 | 100% | 33% | 33% |
Pop Culture | 2 | 10.00 | 50% | 50% | 0% |
Religion | 3 | 20.00 | 100% | 67% | 33% |
Science - Biology | 5 | 18.00 | 100% | 80% | 0% |
Science - Chemistry | 7 | 25.71 | 100% | 100% | 57% |
Science - Other Science | 5 | 24.00 | 100% | 100% | 40% |
Science - Physics | 9 | 15.56 | 100% | 44% | 11% |
Social Science | 3 | 26.67 | 100% | 100% | 67% |